| 000 | 00613cab a2200229 4500 | ||
|---|---|---|---|
| 001 | X1849 | ||
| 008 | 090401t1995 xxu||||| |||| 00| 0 eng d | ||
| 035 | _a(Sirsi) u19895 | ||
| 041 | _aeng | ||
| 245 | _aEducation | ||
| 260 | _c1995 | ||
| 350 | _a0 | ||
| 490 |
_aCSM (Chartered Surveyor Monthly) _v4(3) January 1995, 49(1) |
||
| 650 | _aACCREDITED DEGREES | ||
| 650 | _aCAREERS, EDUCATION AND TRAINING | ||
| 650 | _aMEMBERSHIP | ||
| 650 | _aNATIONAL VOCATIONAL QUALIFICATIONS | ||
| 650 | _aNVQS | ||
| 690 | _aMANAGEMENT-BUSINESS MANAGEMENT-PROFESSIONAL PRACTICE | ||
| 942 | _n0 | ||
| 948 | _c04/03/1997 | ||
| 999 |
_c13332 _d13332 |
||